LEADER 01450nam0 22003373i 450 001 VAN0262213 005 20230731105005.845 017 70$2N$a9783642931994 100 $a20230731d1982 |0itac50 ba 101 $aeng 102 $aDE 105 $a|||| ||||| 200 1 $aRecognition of Pattern and Form$eProceedings of a Conference Held at the University of Texas at Austin, March 22?24, 1979$fedited by Duane G. Albrecht 210 $aBerlin$cSpringer$d1982 215 $aiv, 230 p.$d24 cm 410 1$1001VAN0256120$12001 $aLecture Notes in Biomathematics$1210 $aBerlin$cSpringer$v44 610 $aInformation Processing$9KW:K 610 $aPerception$9KW:K 610 $aSensory physiology$9KW:K 610 $aVisual information processing$9KW:K 620 $dBerlin$3VANL000066 702 1$aAlbrecht$bDuane G.$3VANV216673 712 $aSpringer $3VANV108073$4650 801 $aIT$bSOL$c20240614$gRICA 856 4 $uhttps://doi.org/10.1007/978-3-642-93199-4$zE-book ? Accesso al full-text attraverso riconoscimento IP di Ateneo, proxy e/o Shibboleth 899 $aBIBLIOTECA DEL DIPARTIMENTO DI MATEMATICA E FISICA$1IT-CE0120$2VAN08 912 $fN 912 $aVAN0262213 950 $aBIBLIOTECA DEL DIPARTIMENTO DI MATEMATICA E FISICA$d08CONS e-book 6475 $e08eMF6475 20230803 996 $aRecognition of Pattern and Form$93403239 997 $aUNICAMPANIA LEADER 01669nam0 22004693i 450 001 VAN00295503 005 20251126013221.34 017 70$2N$a9783034892278 100 $a20250624d1996 |0itac50 ba 101 $aeng 102 $aCH 105 $a|||| ||||| 181 $ai$b e 182 $ab 183 $acr 200 1 $aˆA ‰Survey of Knot Theory$fAkio Kawauchi 210 $aBasel [etc.]$cBirkhäuser$d1996 215 $axxi, 420 p.$d24 cm 300 $aTradotto dal giapponese 500 1$3VAN00295504$aMusubime riron$94397354 606 $a57-XX$xManifolds and cell complexes [MSC 2020]$3VANC019671$2MF 606 $a57K10$xKnot theory [MSC 2020]$3VANC025028$2MF 610 $aAlgebra$9KW:K 610 $aFundamental groups$9KW:K 610 $aHomology$9KW:K 610 $aInvariants$9KW:K 610 $aKnot theory$9KW:K 610 $aManifolds$9KW:K 610 $aMathematics$9KW:K 610 $aTopology$9KW:K 610 $aVariable$9KW:K 620 $aCH$dBasel$3VANL002076 700 1$aKawauchi$bAkio$3VANV251497$01828505 712 $aBirkhäuser $3VANV108193$4650 801 $aIT$bSOL$c20251128$gRICA 856 4 $uhttps://doi.org/10.1007/978-3-0348-9227-8$zE-book ? Accesso al full-text attraverso riconoscimento IP di Ateneo, proxy e/o Shibboleth 899 $aBIBLIOTECA DEL DIPARTIMENTO DI MATEMATICA E FISICA$1IT-CE0120$2VAN08 912 $fN 912 $aVAN00295503 950 $aBIBLIOTECA DEL DIPARTIMENTO DI MATEMATICA E FISICA$d08DLOAD e-Book 11991 $e08eMF11991 20250728 996 $aMusubime riron$94397354 997 $aUNICAMPANIA